| 000 | 00360nam a2200145Ia 4500 | ||
|---|---|---|---|
| 008 | 230917s9999||||xx |||||||||||||| ||und|| | ||
| 040 |
_e107218 _aMAIN |
||
| 041 | _aEnglish | ||
| 082 | _a519.2 P218S | ||
| 100 | _aParikh, J C | ||
| 245 | 0 | _aStochastic processes and financial markets | |
| 260 |
_aNew Delhi _bNarosa _c2003 |
||
| 300 | _a152 p. | ||
| 942 | _cBK | ||
| 999 |
_c128986 _d128986 |
||